00441nam a22001577a 450000500170000000800410001702000180005804100080007608200120008410000240009624500640012026000580018465000190024294200070026199900150026820200517115645.0200517b xxu||||| |||| 00| 0 eng d a9788123923956 aeng a615 MAL aMALVIYA SAPNA95383 aTextbook of pharmacognosy and phytochemistrycSpana Malviya aNew DelhibC.B S Publishers and Distributorsc2020, v aPharmacu95384 cBK c6206d6204